Văn hóa ẩm thực Kinh Bắc Q.1 Văn hóa ẩm thực Kinh Bắc

Giới thiệu những món ăn đặc sắc của người Kinh Bắc; những món ăn theo phong tục, những món ăn theo tập quán và những món ăn thường gặp xứ Bắc

Uloženo v:
Podrobná bibliografie
Hlavní autor: Trần Quốc Thịnh
Médium: Kniha
Jazyk:Vietnamese
Vydáno: H. Văn hoá Thông tin 2014
Témata:
Tagy: Přidat tag
Žádné tagy, Buďte první, kdo otaguje tento záznam!
Thư viện lưu trữ: Mạng thư viện Đại học Đà Nẵng
LEADER 01747aam a22004098a 4500
001 000020920
003 17367
005 20150401100449.0
008 150330s2014 viesd
020 |d 2000b 
041 0 |a vie 
082 0 4 |2 23  |a 394.120959727  |b TR-T 
100 1 |a Trần Quốc Thịnh 
245 1 0 |a Văn hóa ẩm thực Kinh Bắc  |c Trần Quốc Thịnh  |n Q.1  |p Văn hóa ẩm thực Kinh Bắc 
260 |a H.  |b Văn hoá Thông tin  |c 2014 
300 |a 479 tr.  |c 21 cm. 
500 |a ĐTTS ghi: Hội Văn nghệ dân gian Việt Nam 
504 |a Thư mục tr.479 
520 |a Giới thiệu những món ăn đặc sắc của người Kinh Bắc; những món ăn theo phong tục, những món ăn theo tập quán và những món ăn thường gặp xứ Bắc 
650 0 4 |2 Bộ TK TVQG  |a Văn hóa ẩm thực  |x Nghiên cứu  |z Bắc Ninh 
650 7 |2 Bộ TK TVQG 
651 7 |2 Bộ TK TVQG  |a Bắc Ninh 
653 |a Văn hóa ẩm thực 
653 |a Văn hóa dân gian 
653 |a Kinh Bắc 
773 |a Trần Quốc Thịnh  |d H.  |d Văn hoá Thông tin  |d 2014  |n ĐTTS ghi: Hội Văn nghệ dân gian Việt Nam  |t Văn hoá ẩm thực Kinh Bắc  |w 620348 
773 |d Hà Nội  |d H.  |d 2014  |t Văn hóa ẩm thực kinh Bắc  |w 17366 
OWN |a LSP 
AVA |a UDN50  |b LSP  |d 394.120959727 TR-T  |e available  |t Error 5001 Not defined in file expand_doc_bib_avail.  |f 1  |g 0  |h N  |i 0  |k 1 
999 |a From the UDN01 
AVA |a UDN50  |b LSP  |d 394.120959727 TR-T  |e available  |t Error 5001 Not defined in file expand_doc_bib_avail.  |f 1  |g 0  |h N  |i 0  |k 1 
TYP |a Monograph 
TYP |a Printed language 
980 |a Mạng thư viện Đại học Đà Nẵng